LEADER 01419nam a2200301 a 4500 001 000000092484 003 CaOOAMICUS 005 20150623131756.0 008 060616s2001 it u000 u ita r 035 $a11092708 040 $aPUL$bita 041 1 $aita$heng 100 1 $aHanson, Victor Davis.$0(OLS)http://pul/name/59641 240 10$aWestern way of war.$lItaliano.$0(OLS)http://pul/title/119358 245 12$aL'arte occidentale della guerra /$cVictor Davis Hanson ; trad. di Davide Panzieri. 260 $aMilano :$bIl Giornale :$bA. Mondadori,$c2001. 300 $a314 p. ;$c21 cm 490 1 $aBiblioteca storica. Antichità classica ;$v6 500 $aEdizione speciale per il Giornale pubblicata su licenza di Mondadori libri desunta dall'ed. c2001, Garzanti Libri. 504 $aBibliografia: p. 295-300. 650 4$aGuerra$zGrecia$yEvo antico.$0(OLS)http://pul/subject/29858 651 4$aGrecia antica$xStoria.$0(OLS)http://pul/subject/5349 830 0$aBiblioteca storica (Il Giornale)$p[Antichità classica] ;$v6.$0(OLS)http://pul/title/131614 850 $aPUL 852 $aPUL$W1$xDP2 Filosofia 3$y112$m937 COLL 1.6$j116319$nBK-PRI$qDDC 21$B116319$CPULBib$Z2$F116319 $HPUL101104 $82 941 1 $a9 996 $6245$aL'arte occidentale della guerra$9(OLS)http://pul/title/119359 996 $6260$aMilano :$bIl Giornale :$bA. Mondadori$9(OLS)http://pul/publisher/79097 LEADER 01220nam a2200265 a 4500 001 000000143251 003 CaOOAMICUS 005 20150512094219.0 008 150512s2015 gw u000 u ger r 020 $a978-3-465-03869-6 040 $aPUL$bita 100 1 $aHeidegger, Martin,$d1889-1976.$0(OLS)http://pul/name/5737 245 10$aAnmerkungen I-V (Schwarze Hefte 1942/1948) /$cMartin Heidegger. 260 $aFrankfurt am Main :$bKlostermann,$c©2015. 300 $a527 p. ;$c24 cm 490 1 $aGesamtausgabe.$nIV Abteilung, Hinweise und Aufzeichnungen ;$v97 650 4$aFilosofia moderna$xCritica e interpretazione.$0(OLS)http://pul/subject/5129 830 0$aGesamtausgabe.$nIV Abteilung,$pHinweise und Aufzeichnungen ;$v97.$0(OLS)http://pul/title/105361 850 $aPUL 852 $aPUL$W1$xSL Filosofia 2$y80$mPhil D4 46t.97$j173420$qStampati Altre Collocazioni$B165625$CPULBib$Z2$F165625 $H125684 $82 941 1 $a10 996 $6020$a978-3-465-03869-6$9(OLS)http://pul/number/157490 996 $6245$aAnmerkungen I-V (Schwarze Hefte 1942/1948)$9(OLS)http://pul/title/181281 996 $6260$aFrankfurt am Main :$bKlostermann$9(OLS)http://pul/publisher/50926